000 00781nam a2200289Ia 4500
001 Para_1988
003 CHAP
008 220125s1987 xx 000 0 und d
010 _a200583
040 _cCHAP
082 _aPA 589.24 B37 1987
100 _aBarnett, H.L.
_9153257
245 _aIllustrated genera of imperfect fungi /
_c by H.L. Barnett and Barry B. Hunter
250 _a4th.
260 _aNew York :
_b Mc. Millan Publishing Company
300 _a218 p.
650 _aHongos
_956084
650 _aMicologĂ­a
_975476
700 _aHunter, Barry B.
_956934
901 _aPA 589.24 B37 1987
902 _aA
905 _a0000001987 a 0000000000 00
910 _a1987
942 _cPARA
942 _cPARA
_d1
999 _c200583
_d200583